<?xml version="1.0" encoding="UTF-8"?>
<record
    xmlns:xsi="http://www.w3.org/2001/XMLSchema-instance"
    xsi:schemaLocation="http://www.loc.gov/MARC21/slim http://www.loc.gov/standards/marcxml/schema/MARC21slim.xsd"
    xmlns="http://www.loc.gov/MARC21/slim">

  <leader>00576nam a22001817a 4500</leader>
  <controlfield tag="003">UA-OsUOA</controlfield>
  <controlfield tag="001"> 16335 </controlfield>
  <controlfield tag="007">ta</controlfield>
  <controlfield tag="008">20031230b un ||||| |||| 00| 0 ukr d</controlfield>
  <datafield tag="100" ind1=" " ind2=" ">
    <subfield code="a">&#x41A;&#x43E;&#x43B;&#x43E;&#x434;&#x44F;&#x436;&#x43D;&#x438;&#x439; &#x41C;.</subfield>
  </datafield>
  <datafield tag="942" ind1=" " ind2=" ">
    <subfield code="c">SA</subfield>
  </datafield>
  <datafield tag="040" ind1=" " ind2=" ">
    <subfield code="a">UA-OsUOA</subfield>
    <subfield code="c">UA-OsUOA</subfield>
    <subfield code="d">UA-OsUOA</subfield>
  </datafield>
  <datafield tag="245" ind1=" " ind2=" ">
    <subfield code="a">&#x406; &#x442;&#x432;&#x43E;&#x440;&#x447;&#x430; &#x43B;&#x430;&#x431;&#x43E;&#x440;&#x430;&#x442;&#x43E;&#x440;&#x456;&#x44F;, &#x456; &#x43A;&#x43E;&#x43E;&#x440;&#x434;&#x438;&#x43D;&#x430;&#x442;&#x43E;&#x440;</subfield>
    <subfield code="b">[&#x41F;&#x440;&#x43E; &#x440;&#x43E;&#x431;&#x43E;&#x442;&#x443; &#x441;&#x442;&#x430;&#x43D;&#x446;&#x456;&#x457; &#x44E;&#x43D;&#x438;&#x445; &#x43D;&#x430;&#x442;&#x443;&#x440;&#x430;&#x43B;&#x456;&#x441;&#x442;&#x456;&#x432; &#x432; &#x43C;.&#x420;&#x456;&#x432;&#x43D;&#x435;]</subfield>
  </datafield>
  <datafield tag="300" ind1=" " ind2=" ">
    <subfield code="a">&#x421;.3</subfield>
  </datafield>
  <datafield tag="955" ind1=" " ind2=" ">
    <subfield code="a">0</subfield>
  </datafield>
  <datafield tag="773" ind1="0" ind2=" ">
    <subfield code="w">0</subfield>
    <subfield code="t">2003106/107/19 &#x433;&#x440;&#x443;&#x434;./</subfield>
  </datafield>
  <datafield tag="650" ind1=" " ind2="7">
    <subfield code="a">&#x41A;&#x440;&#x430;&#x454;&#x437;&#x43D;&#x430;&#x432;&#x447;&#x430; &#x440;&#x43E;&#x431;&#x43E;&#x442;&#x430;</subfield>
    <subfield code="2">UDC</subfield>
  </datafield>
  <datafield tag="999" ind1=" " ind2=" ">
    <subfield code="c">302500</subfield>
    <subfield code="d">302500</subfield>
  </datafield>
</record>
